000 01232nam a2200277Ia 4500
003 OSt
005 20221005105200.0
006 a|||||r|||| 00| 0
007 ta
008 221004b |||||||| |||| 00| 0 hin d
020 _a9788179754405 (hbk)
_c200
024 _a107048
037 _bIN1037, 17/03/2011, Anamika Publishers & Distributors Pvt. Ltd.
_cTextual
040 _aCRL
_cCRL
_bhin
041 _2hin
_ahin
082 _aV2:51.N5, 152P9
100 _aबिपन चंद
245 0 _aभारत का राष्ट्रीय असंदोलन
_b दीर्घकालिक गतिशीलता
246 _aBhārat kā rāṣhṭrīya asandolana: dīrghakālik gatishīlatā
260 _aनई दिल्ली
_bअनामिका पब्लिशर्स भारत
_c2009
300 _a111पृ0
_ccm.
650 _aविश्व-इतिहास
700 _a खान, एन. ए. ‘शाहिद’, अनु.
_9623746
942 _hV2:51.N5, 152P9
_cTEXL
_2cc
999 _c1015026
_d1015026